Productivity management : text and cases

Bibliographic Details
Main Author: McGarrah, Robert E.
Other Authors: Chan, Gordon C.
Format: Book
Published: Chicago : Dryden Press , c1982
Subjects:

MARC

LEADER 00000cam a2200000 7i4500
001 0000000013
005 20050509.0
040 |a INS 
090 0 0 |a HD56.   |b M 1982 
100 1 |a McGarrah, Robert E. 
245 1 0 |a Productivity management :   |b text and cases   |c Robert E. McGarrah and Gordon C. Chan 
260 |a Chicago :   |b Dryden Press ,   |c c1982 
650 0 0 |a Product management 
650 0 0 |a Production management 
700 1 |a Chan, Gordon C. 
999 |a 0000003101   |b BOOK   |c Open Shelf   |e Default branch